Commercial Correspondence Einführung in die moderne englische Handelskorrespondenz

Gespeichert in:
Bibliographische Detailangaben
1. Verfasser: Sachs, Rudolf
Format: Buch
Sprache:Deutsch
Veröffentlicht: München Hueber 1987
Ausgabe:1. Aufl.
Schlagworte:
Tags: Tag hinzufügen
Keine Tags, Fügen Sie das erste Tag hinzu!

MARC

LEADER 00000nam a2200000 4500
001 c000510
005 20221219111704.7
020 |a 3-19-002336-0 
041 0 |a ger 
044 |a DE 
245 1 0 |a Commercial Correspondence  |b Einführung in die moderne englische Handelskorrespondenz  |c Rudolf Sachs 
250 |a 1. Aufl. 
264 1 |a München  |b Hueber  |c 1987 
300 |a 319 s. 
610 2 0 |a obchod 
610 2 0 |a podnikanie 
610 2 0 |a korešpondencia 
610 2 0 |a jazykoveda 
610 2 0 |a terminológia 
100 1 |a Sachs, Rudolf